00769nam a22002297a 450000500170000001000130001702000190003003500130004903700160006204000120007808200130009010000160010324501680011924600060028726000550029327000460034830000240039450000510041865000250046965000260049470000190052020170124105941.0 aA-677766 c00a8121505788 aA-677766 bCen Lib/Ret aDPLbEN a238bRAI aRai, Lajpat aA history of arya samaj :cby Lajpat Rai; edited by Sri Ram Sharma b an account of its origin, doctrins and activities with a biographical sketch of the founder / b  bMunshiram Manoharlal Publishers c1992aNew Delhi  bNew Delhi a54, rani jhansi road e110055 avi, 217p.c21cm(Hb) aIncludes bibliographical references and index  aHinduism--Arya samaj aBiography--Lajpat Rai aSri Ram Shrma